Lecture ready 3 : Strategies for academeic listening, notetaking, and discussion

Sparad:
Bibliografiska uppgifter
Huvudupphovsman: Frazier, Laurie
Materialtyp: Bok
Språk:Undetermined
Publicerad: Oxford Oxford University Press 2007
Ämnen:
Taggar: Lägg till en tagg
Inga taggar, Lägg till första taggen!
Thư viện lưu trữ: Trung tâm Học liệu Trường Đại học Cần Thơ
LEADER 00595nam a2200205Ia 4500
001 CTU_137267
008 210402s9999 xx 000 0 und d
020 |c 92500 
082 |a 428.24 
082 |b F848/CD.2 
100 |a Frazier, Laurie 
245 0 |a Lecture ready 3 : 
245 0 |b Strategies for academeic listening, notetaking, and discussion 
245 0 |c Laurie Frazier, Shalle Leeming 
260 |a Oxford 
260 |b Oxford University Press 
260 |c 2007 
650 |a English language 
904 |i Trọng Hải 
980 |a Trung tâm Học liệu Trường Đại học Cần Thơ